01138nas a2200361 4500001001000000003000900010005001700019007000300036008003400039040005400073041000900127072000800136100002000144100001500164100002600179100001900205100001700224100002200241100002000263100002400283100001800307100002100325100002200346245006100368650001500429650001400444650002100458773007400479909004000553942001800593999001900611952014600630BR9203343BR-BrBNA20231205092631.0ta230509b bl.|||p| |||| 00| 00por d aBR-BrBNAbporcBiblioteca Nacional de Agricultura a(Pt) aF011 aPereira, N.N.C.1 aLeal, N.R.1 aVasconcelos, H. de O.1 aPortugal, A.C.1 aCarvalho, P.1 aCruz, C. de A. da1 aAraujo, M.L. de1 aFernandes, M. do C.1 aPereira, N.E.1 aAycaguer, H.J.S.1 aPorto, M.V. da F.1 aCouve-flor: modernas cultivares dao colheitas o ano todo aCOUVE-FLOR aVARIEDADE aPRATICA CULTURAL0 tLavoura (Brazil)xISSN 0023-9135g(Jan-Feb 1991), p. 12-15wBR9203343 a202311bLúciac55dLúcia Elande 2AGRISn0cANA c133023d133023 002AGRIS4071a41918b41918cPeriódicos Agrícolash(Jan-Feb 1991), p. 12-15l0r2023-11-29t01yCRePortaria Interministerial nº 164/94